Statystyki dla Rozpoznaj piłkarza po transferach(trudne)#5

Kliknij tutaj aby rozwiązać quiz!

Ogólne statystyki

  • Ten quiz został rozwiązany 48 razy
  • Średni wynik to 4 z 10

Statystyki odpowiedzi

HintOdpowiedź% Poprawnych
Silkeborg IF->Ajax Amsterdam->OGC NiceKasper Dolberg
73%
América Futebol Clube->Fluminense->Watford->EvertonRicharlison
73%
Padroense FC Sub->FC Porto->AC Milan->Sevilla->Eintracht FrankfurtAndre Silva
58%
Benfica Lizbona->PSG->Valencia CFGoncalo Guedes
53%
Britof->Fluminense->NK Bonifika->NK Interblock->NK Maribor->US Palermo->AC Fiorentina->Atalanta BergamoJosip Ilicic
40%
River Plate->AS Monaco->Olympique Marseille->Genoa->AC Milan->SevillaLucas Ocampos
38%
Sporting CP->Atlético Madryt->AS MonacoGelson Martins
36%
SM Caen->FC Lorient->Borussia DortmundRaphael Guerreiro
29%
CA Osasuna->Borussia Dortmund->Newcastle United->Real SociedadMikel Merino
27%
Sporting CP->FC Everton->Sporting CP->Tottenham HotspurEric Dier
16%

Rozkład punktacji

Percentyl według liczby udzielonych odpowiedzi

Procent ludzi z każdym wynikiem

Twoja historia wyników

Nie rozwiązałeś tego quizu